| 000 | 02736cam a2200337 a 4500 | ||
|---|---|---|---|
| 999 |
_c319 _d319 |
||
| 020 | _a1583918531 | ||
| 020 | _a9781583918531 | ||
| 020 | _a158391854X | ||
| 020 | _a9781583918548 | ||
| 050 | 0 | 0 |
_aRC467.2 _b.H34 |
| 100 | _aCarr,Alan | ||
| 110 | _aMcNulty, Muireann. | ||
| 245 | 0 | 4 |
_aThe handbook of adult clinical psychology : _ban evidence-based practice approach / _cedited by Alan Carr and Muireann McNulty. |
| 260 |
_aLondon ; _aNew York : _bRoutledge, _c2006. |
||
| 300 |
_axxiii, 1072 pages : _billustrations ; _c24 cm |
||
| 505 | 0 | _aNormal psychological development in adulthood / Alan Carr and Muireann McNulty -- Classification and epidemiology / Alan Carr and Muireann McNulty -- Cognitive behaviour therapy / Alan Carr and Muireann McNulty -- Psychodynamic therapy / Alan Carr and Muireann McNulty -- Systemic couples therapy / Alan Carr and Muireann McNulty -- Biomedical approaches and the use of drugs to treat adult mental health problems / Stephen McWilliams and Eadbhard O'Callaghan -- Intake interviews, testing and report writing / Alan Carr and Muireann McNulty -- Depression / Alan Carr and Muireann McNulty -- Bipolar disorder / Dominic Lam and Steve Jones -- Suicide risk / Alan Carr and Muireann McNulty -- Generalized anxiety disorder / Adrian Wells and Karin Carter -- Panic disorder / Steven Taylor and Gordon J.G. Asmundson -- Obsessive-compulsive disorder / Padmal De Silva -- Post-traumatic stress disorder / Mark Creamer and Jessica Carty -- Social phobia / Tony Bates -- Health anxiety: hypochondrias and somatization / John r. Walker and Patricia Furer -- Coping with chronic pain / Dennis C. Turk and Tasha M. Burwinkle -- Psychological assessment and treatment in cancer care / Craig A. White -- Eating disorders / Alan Carr and Muireann McNulty -- Alcohol and other substance-use problems / Barbara S. McCrady -- Schizophrenia / Elizabeth Kuipers, Emmanuelle Peters and Paul Bebbington -- Borderline personality disorder / Janice R. Kuo, Kathryn E. Korslund and Marsha M. Linehan -- Psychological problems of older people / Bob Woods and Carolien Lamers -- Anger / Raymond W. Novaco and John L. Taylor -- Depersonalization disorder / Alberto Blanco-Campal. | |
| 650 | 0 | _aClinical psychology | |
| 650 | 1 | 2 |
_aMental Disorders _xtherapy. |
| 650 | 2 | 2 |
_aEvidence-Based Medicine _xmethods. |
| 650 | 2 | 2 |
_aPsychology, Clinical _xmethods. |
| 650 | 2 | 2 |
_aPsychotherapy _xmethods. |
| 650 | 4 |
_aMental disorders _xTherapy. |
|
| 650 | 4 |
_aPsychology, Clinical _xMethods. |
|
| 650 | 4 |
_aPsychotherapy _xMethods. |
|
| 650 | 4 |
_aEvidence-based medicine _xMethods. |
|
| 650 | 6 | _aPsychologie clinique | |
| 650 | 7 | _aClinical psychology. | |
| 700 | 1 | _aCarr, Alan, | |
| 700 | 1 | _aMcNulty, Muireann. | |
| 942 | _cBK | ||